000
00260nam a2200097Ia 4500
001
642448
005
20250826153526.0
008
250824s9999 xx 000 0 und d
245
0
_a
ASMA KATLI EV ANTİK YENİ
_c
ANTON ÇEHOV
260
_b
ANTİK DÜNYA KLASİKLERİ
999
_c
642448
_d
642448